[Event "Cesenatico op 19th"]
[Site "Cesenatico"]
[Date "2015.09.05"]
[Round "1"]
[White "Macor, Carlo"]
[Black "Colmenares, Aurelio"]
[Result "0-1"]
[WhiteElo "2000"]
[BlackElo "2356"]
[PlyCount "30"]
[EventDate "2015.09.05"]
[EventType "swiss"]
[EventRounds "9"]
[EventCountry "ITA"]
[SourceTitle "EXT 2016"]
[Source "ChessBase"]
[SourceDate "2015.10.08"]
[SourceVersion "1"]
[SourceVersionDate "2015.10.08"]
[SourceQuality "1"]

1. f4 d5 2. Nf3 Nf6 3. e3 g6 4. c4 Bg7 5. d4 c5 6. Ne5 cxd4 7. exd4 0-0 8. c5 Nc6 9. Be3 Nxe5 10. fxe5 Ng4 11. Qd2 f6 12. e6 Nxe3 13. Qxe3 f5 14. Bd3 Qa5+ 15. Nc3 Qb4 0-1